Partidos políticos de América Latina /

Gespeichert in:
Bibliographische Detailangaben
1. Verfasser: García Beaudoux, Virginia
Weitere Verfasser: Alcántara Sáez, Manuel (compilador), Freidenberg, Flavia (compilador)
Format: Text
Tags: Tag hinzufügen
Keine Tags, Fügen Sie den ersten Tag hinzu!

MARC

LEADER 00000 a a2200000 04500
001 16267
003
040
100 |a García Beaudoux, Virginia  
245 |a Partidos políticos de América Latina /  |c Virginia García Beaudoux ; cpmpilado por Manuel Alcántara Sáez y Flavia Freidenberg 
500 |a Datos de edición: Salamanca: Universidad de Salamanca, 2001. 3 v  
700 |a Alcántara Sáez, Manuel   |e compilador  
700 |a Freidenberg, Flavia   |e compilador  
773 |g número 73; páginas 133-136  
999 |c 38419  |d 38419